<?xml version="1.0" encoding="UTF-8"?>
<record
    xmlns:xsi="http://www.w3.org/2001/XMLSchema-instance"
    xsi:schemaLocation="http://www.loc.gov/MARC21/slim http://www.loc.gov/standards/marcxml/schema/MARC21slim.xsd"
    xmlns="http://www.loc.gov/MARC21/slim">

  <leader>02206nam a2200373 i 4500</leader>
  <controlfield tag="005">20220317002015.0</controlfield>
  <controlfield tag="007">ta</controlfield>
  <controlfield tag="008">201105s2015    ck ||||er|||| 00| 0cspa d</controlfield>
  <datafield tag="020" ind1=" " ind2=" ">
    <subfield code="a">9789588887098</subfield>
  </datafield>
  <datafield tag="040" ind1=" " ind2=" ">
    <subfield code="a">CO-BoRNBP</subfield>
    <subfield code="b">spa</subfield>
    <subfield code="e">rda</subfield>
    <subfield code="c">CO-BoRNBP</subfield>
  </datafield>
  <datafield tag="041" ind1="1" ind2=" ">
    <subfield code="a">spa</subfield>
    <subfield code="h">fre</subfield>
  </datafield>
  <datafield tag="082" ind1="0" ind2="4">
    <subfield code="a">920.7</subfield>
    <subfield code="b">A77f</subfield>
    <subfield code="2">22</subfield>
  </datafield>
  <datafield tag="100" ind1="1" ind2=" ">
    <subfield code="a">Attali, Jacques</subfield>
    <subfield code="d">1943-</subfield>
    <subfield code="e">autor</subfield>
  </datafield>
  <datafield tag="245" ind1="1" ind2="0">
    <subfield code="a">Faros</subfield>
    <subfield code="b">24 destinos</subfield>
    <subfield code="c">Jacques Attali ; traducci&#xF3;n de Emma Rodr&#xED;guez Camacho</subfield>
  </datafield>
  <datafield tag="264" ind1=" " ind2="1">
    <subfield code="a">Bogot&#xE1;</subfield>
    <subfield code="b">Luna Libros</subfield>
    <subfield code="c">2015</subfield>
  </datafield>
  <datafield tag="300" ind1=" " ind2=" ">
    <subfield code="a">516 p&#xE1;ginas</subfield>
    <subfield code="b">24 cm</subfield>
    <subfield code="c">24 cm</subfield>
  </datafield>
  <datafield tag="336" ind1=" " ind2=" ">
    <subfield code="2">rdacontent</subfield>
    <subfield code="a">texto</subfield>
    <subfield code="b">txt</subfield>
  </datafield>
  <datafield tag="337" ind1=" " ind2=" ">
    <subfield code="2">rdamedia</subfield>
    <subfield code="a">sin mediaci&#xF3;n</subfield>
    <subfield code="b">n</subfield>
  </datafield>
  <datafield tag="338" ind1=" " ind2=" ">
    <subfield code="2">rdacarrier</subfield>
    <subfield code="a">volumen</subfield>
    <subfield code="b">nc</subfield>
  </datafield>
  <datafield tag="490" ind1="0" ind2=" ">
    <subfield code="a">Humanidades</subfield>
  </datafield>
  <datafield tag="500" ind1=" " ind2=" ">
    <subfield code="a">Incluye &#xED;ndice onom&#xE1;stico</subfield>
  </datafield>
  <datafield tag="504" ind1=" " ind2=" ">
    <subfield code="a">Incluye bibliograf&#xED;a al final de cada biograf&#xED;a</subfield>
  </datafield>
  <datafield tag="505" ind1="0" ind2="0">
    <subfield code="t">Confucio o el hombre de bien</subfield>
    <subfield code="t">Arist&#xF3;teles o la pasi&#xF3;n de vivir de verdad</subfield>
    <subfield code="t">Asoka o la violencia de la no violencia</subfield>
    <subfield code="t">Boecio o el barquero de la raz&#xF3;n</subfield>
    <subfield code="t">Hildegarda de Bingen o la voz de la luz</subfield>
    <subfield code="t">Maim&#xF3;nides o el poder de la lucidez</subfield>
    <subfield code="t">Tom&#xE1;s de Aquino o la voluntad amorosa de Dios</subfield>
    <subfield code="t">Giordano Bruno o la nobleza del esp&#xED;ritu</subfield>
    <subfield code="t">Caravaggio o la insolencia del genio</subfield>
    <subfield code="t">Thomas Hobbes o la urgencia del Estado</subfield>
    <subfield code="t">Madame de Sta&#xEB;l o la dama de alta sociedad</subfield>
    <subfield code="t">Sim&#xF3;n Bol&#xED;var o la gloria del fracaso</subfield>
    <subfield code="t">Charles Darwin o el descubridor a distancia</subfield>
    <subfield code="t">Abd el-Kader o entre dos fuegos</subfield>
    <subfield code="t">Walt Whitman o el mejor de Estados Unidos</subfield>
    <subfield code="t">Shrimad Tajchandra o el evadido del mundo</subfield>
    <subfield code="t">El emperador Meijoi o el emperador de los signos</subfield>
    <subfield code="t">Walter Rathenau o el so&#xF1;ador de Europa</subfield>
    <subfield code="t">Thomas Alva Edison o el inventor de los tiempos modernos</subfield>
    <subfield code="t">Marina Tsviet&#xE1;ieva o vivir para escribir</subfield>
    <subfield code="t">Richard Strauss las metamorfosis de lo absoluto</subfield>
    <subfield code="t">Ho Chi-Minh o la obsesi&#xF3;n nacional</subfield>
    <subfield code="t">Hampate Ba o el salvador de recuerdos</subfield>
  </datafield>
  <datafield tag="521" ind1=" " ind2=" ">
    <subfield code="a">Recomendado para p&#xFA;blico adulto</subfield>
  </datafield>
  <datafield tag="534" ind1=" " ind2=" ">
    <subfield code="t">Phares</subfield>
  </datafield>
  <datafield tag="545" ind1=" " ind2=" ">
    <subfield code="a">Incluye datos biogr&#xE1;ficos del autor al final del texto</subfield>
  </datafield>
  <datafield tag="650" ind1="1" ind2="7">
    <subfield code="2">LEMB</subfield>
    <subfield code="a">Fil&#xF3;sofos</subfield>
    <subfield code="v">Biograf&#xED;as</subfield>
  </datafield>
  <datafield tag="650" ind1="1" ind2="7">
    <subfield code="2">LEMB</subfield>
    <subfield code="a">Cient&#xED;ficos</subfield>
    <subfield code="v">Biograf&#xED;as</subfield>
  </datafield>
  <datafield tag="650" ind1="1" ind2="7">
    <subfield code="2">LEMB</subfield>
    <subfield code="a">Te&#xF3;logos</subfield>
    <subfield code="v">Biograf&#xED;as</subfield>
  </datafield>
  <datafield tag="650" ind1="1" ind2="7">
    <subfield code="2">LEMB</subfield>
    <subfield code="a">Artistas</subfield>
    <subfield code="v">Biograf&#xED;as</subfield>
  </datafield>
  <datafield tag="650" ind1="1" ind2="7">
    <subfield code="2">LEMB</subfield>
    <subfield code="a">Mujeres</subfield>
    <subfield code="v">Biograf&#xED;as</subfield>
  </datafield>
  <datafield tag="700" ind1="1" ind2=" ">
    <subfield code="a">Rodr&#xED;guez Camacho, Emma</subfield>
    <subfield code="e">traductora</subfield>
    <subfield code="9">159052</subfield>
  </datafield>
  <datafield tag="942" ind1=" " ind2=" ">
    <subfield code="2">ddc</subfield>
    <subfield code="c">BK</subfield>
  </datafield>
  <datafield tag="999" ind1=" " ind2=" ">
    <subfield code="c">8874</subfield>
    <subfield code="d">8874</subfield>
  </datafield>
</record>
